| 000 | 01091nam a22003137a 4500 | ||
|---|---|---|---|
| 001 | BR8900235 | ||
| 003 | BR-BrBNA | ||
| 005 | 20230928093126.0 | ||
| 007 | ta | ||
| 008 | 230509b bl.||||| |||| 00| 0 por d | ||
| 040 |
_aBR-BrBNA _bpor _cBiblioteca Nacional de Agricultura |
||
| 041 | _a(Por) | ||
| 072 |
_aL10; L53 _b5212 _b/G514 |
||
| 090 | _ 5212 BR8900235 | ||
| 100 | 1 | _aDrumond, A.M. | |
| 110 | 1 |
_aUniversidade Federal de Minas Gerais, Belo Horizonte (Brasil). Escola de Veterinaria _0Tese (Mestrado) |
|
| 245 | 1 | _aEfeito da endogamia sobre a idade ao primeiro parto e o intervalo entre partos em um rebanho Nelore do estado de Sao Paulo | |
| 246 | 1 | _a[Endogamy effect on age at the first parturition and the parturitions space in Nelore herd at Sao Paulo state] | |
| 260 | 3 |
_aBelo Horizonte, MG (Brasil): _c1988. |
|
| 300 | _a107 p. | ||
| 500 | _aBibliography p. 85-97 (89 ref.); Summary (Por) | ||
| 650 | _aBOVINO | ||
| 650 | _aGADO NELORE | ||
| 650 | _aPARTO | ||
| 650 | _aSAO PAULO | ||
| 650 | _aENDOGAMIA | ||
| 909 |
_a202309 _bLucia _c55 _dLucia Elande |
||
| 942 | _cBK | ||
| 999 |
_c43144 _d43144 |
||